Statystyki dla Największe linie lotnicze

Kliknij tutaj aby rozwiązać quiz!

Ogólne statystyki

  • Ten quiz został rozwiązany 94 razy
  • Średni wynik to 3 z 10

Statystyki odpowiedzi

Kraj pochodzeniaNazwa% Poprawnych
Stany ZjednoczoneAmerican Airlines
75%
IrlandiaRyanair
74%
Stany ZjednoczoneUnited Airlines
47%
Stany ZjednoczoneDelta Air lines
44%
Stany ZjednoczoneSouthwest Airlines
30%
Francja / NiderlandyAir France-KLM
20%
ChinyChina Southern Airlines
12%
ChinyChina Eastern Airlines
11%
Stany ZjednoczoneUS Airways
6%
Niemcy / Austria / Szwajcaria / BelgiaLuthansa Group
0%

Rozkład punktacji

Percentyl według liczby udzielonych odpowiedzi

Procent ludzi z każdym wynikiem

Twoja historia wyników

Nie rozwiązałeś tego quizu